| 000 | 00369 a2200145 4500 | ||
|---|---|---|---|
| 999 |
_c5942 _d5942 |
||
| 020 | _a071955344x | ||
| 050 | _aQA 276 SOL 1996 | ||
| 100 |
_aSolomon, R. C. _eauthor |
||
| 245 |
_aStatistics/ _cR.C. Solomon |
||
| 264 |
_aLondon : _bJohn Murray _c1996 |
||
| 300 |
_axi, 369p. : _bill. |
||
| 500 | _aIncludes index | ||
| 650 | _aStatistics | ||
| 942 |
_2lcc _cBK _h276 _iSOL _k1996 |
||